International law (A) (Record no. 9188)
[ view plain ]
| 000 -LEADER | |
|---|---|
| fixed length control field | 00537cam a2200217ua 4500 |
| 001 - CONTROL NUMBER | |
| control field | 10200 |
| 005 - DATE AND TIME OF LATEST TRANSACTION | |
| control field | 20260515114601.0 |
| 008 - FIXED-LENGTH DATA ELEMENTS--GENERAL INFORMATION | |
| fixed length control field | 171011n ii |||gr||||Z||||||asm |
| 020 ## - INTERNATIONAL STANDARD BOOK NUMBER | |
| International Standard Book Number | 9789381784020 |
| 040 ## - CATALOGING SOURCE | |
| Transcribing agency | MAIN |
| 041 ## - LANGUAGE CODE | |
| Language code of text/sound track or separate title | asm |
| 082 ## - DEWEY DECIMAL CLASSIFICATION NUMBER | |
| Classification number | 341 |
| 100 ## - MAIN ENTRY--PERSONAL NAME | |
| Personal name | Gohain, Nabin, |
| Relator term | Author. |
| 245 ## - TITLE STATEMENT | |
| Title | International law (A) |
| Statement of responsibility, etc. | By Nabin Gohain and Deepen Das |
| 250 ## - EDITION STATEMENT | |
| Edition statement | 4th rev. ed. |
| 260 ## - PUBLICATION, DISTRIBUTION, ETC. | |
| Place of publication, distribution, etc. | Jorhat: |
| Name of publisher, distributor, etc. | Bidya bhawan, |
| Date of publication, distribution, etc. | 2017. |
| 300 ## - PHYSICAL DESCRIPTION | |
| Extent | 232p. |
| 653 ## - INDEX TERM--UNCONTROLLED | |
| Uncontrolled term | Law of nations |
| 700 ## - ADDED ENTRY--PERSONAL NAME | |
| Personal name | Das, Deepen, |
| Relator term | Author. |
| 942 ## - ADDED ENTRY ELEMENTS (KOHA) | |
| Koha item type | Books |
| Withdrawn status | Lost status | Damaged status | Not for loan | Home library | Current library | Shelving location | Date acquired | Total checkouts | Full call number | Barcode | Date last seen | Date last checked out | Copy number | Price effective from | Koha item type |
|---|---|---|---|---|---|---|---|---|---|---|---|---|---|---|---|
| Naharkatiya College Library | Naharkatiya College Library | General stacks | 09/19/2020 | 7 | 341 | GOH | 23862 | 08/28/2021 | 02/17/2021 | 3 | 09/19/2020 | Books | ||||
| Naharkatiya College Library | Naharkatiya College Library | General stacks | 09/19/2020 | 8 | 341 | GOH | 23863 | 08/09/2024 | 08/06/2024 | 2 | 09/19/2020 | Books | ||||
| Naharkatiya College Library | Naharkatiya College Library | General stacks | 09/19/2020 | 7 | 341 | GOH | 23864 | 10/21/2021 | 04/12/2021 | 1 | 09/19/2020 | Books |